000 00439cam a2200169ua 4500
041 _aeng
_h
082 _a823.301
_bDOW/HE
100 _aDouler, Pauline .
245 _aHerbrews come home : Old testment stories /
_cPauline Douler.
_hTextual Documents
250 _a1 /
_b.
260 _aLondon :
_bOxford University Press ,
_c1964.
300 _a ;
_c16.
504 _a
942 _cBK
999 _c2383
_d2383